00418nam a22001577a 450000500170000001000130001702000260003003500130005603700140006908200100008310000170009324500370011026000350014727000580018230000200024020211111113731.0 aB-741815 a9788187057246c295.00 aB-741815 aDPLbGift a289.9 aAllen, James aAs a man thinketh /cJames Allen aNew DelhibLDS Marketingc2020 a4803/24, Bharat ram Road, Daryaganj,bN.Delhie110002 a92p.c20cm(pbk)